| 000 | 00464nam a2200181Ia 4500 | ||
|---|---|---|---|
| 008 | 220531s9999 xx 000 0 und d | ||
| 041 | _aeng | ||
| 082 | _bBUS / RAM | ||
| 100 |
_aRamani, V. V. Ed. _976180 |
||
| 245 | _aBusiness Cycles: Country Experiences | ||
| 250 | _a1ST | ||
| 260 |
_aHyderabad _bIcfai University Press _c2005 |
||
| 300 | _a166 | ||
| 542 | _d09-01-2018 | ||
| 650 |
_aEconomics _976181 |
||
| 906 |
_d2017-2018 _f11758 |
||
| 999 |
_c42319 _d42319 |
||